Cirkev v dejinách Slovenska

Bibliographic Details
Main Author: Uhlár, Vlado, 1912-1996 (Author)
Format: Article
Language:Slovak
ISSN:0862-8823
Subjects:

MARC

LEADER 00000nab a2200000 a 4500
001 vtls000638778
003 SK-MaSNL
005 20260305015141.0
008 160401c xo 0 slo
015 |a SNBRB19rr/mm-uuuuu 
035 |a CL0638917 
040 |a SNKBUCL  |b slo  |c SNKBUCL  |e AACR2 
041 0 |a slo 
044 |a xo  |c SK 
080 |a 282(437.6)(091)(048)  |2 1981 
080 |a 943.76:282(048)  |2 1981 
100 1 |a Uhlár, Vlado,  |d 1912-1996  |4 aut  |9 106775 
245 1 0 |a Cirkev v dejinách Slovenska  |c Vlado Uhlár 
610 2 7 |a Rímskokatolícka cirkev  |2 SNKKA  |9 32394 
650 0 7 |a cirkevné dejiny  |2 SNKPH  |9 3909 
651 7 |a Slovensko  |x dejiny  |2 SNKPHgeo  |9 13278 
655 7 |a články z novín a časopisov  |2 snkbucl  |9 267496 
773 0 |x 0862-8823  |t Slovenské národné noviny  |g Roč. 8 (12), č. 45-46 (1997), s. 12 
787 0 8 |i Rec.:  |a Korec, Ján Chryzostom  |t Cirkev v dejinách Slovenska, 1994 
850 |a Slovenská národná knižnica v Martine  |a MTA001 
852 |a SNK  |b KIS3GCP 
958 |a SK 
958 |a RK 
958 |a RBX 
999 |c 3273349  |d 3275279